Kluby piłkarskie Ekstraklasa - 3 liga (2024/25) - Statystyki

Ogólne statystyki
  • Ten quiz został rozwiązany 194 razy
    159 od ostatniego zresetowania
  • Średni wynik to 57 z 126
Statystyki odpowiedzi
Liga
Klub
% Poprawnych
Ekstraklasa Legia Warszawa
94%
Ekstraklasa Lech Poznań
91%
Ekstraklasa Cracovia
88%
Ekstraklasa Pogoń Szczecin
88%
Ekstraklasa Górnik Zabrze
87%
Ekstraklasa Lechia Gdańsk
87%
Ekstraklasa Śląsk Wrocław
87%
Ekstraklasa Motor Lublin
86%
Ekstraklasa Jagiellonia Białystok
85%
Ekstraklasa Zagłębie Lubin
85%
Ekstraklasa Raków Częstochowa
84%
Ekstraklasa Stal Mielec
84%
I liga Wisła Kraków
84%
Ekstraklasa GKS Katowice
83%
Ekstraklasa Piast Gliwice
83%
Ekstraklasa Radomiak Radom
83%
Ekstraklasa Korona Kielce
82%
I liga Arka Gdynia
81%
Ekstraklasa Puszcza Niepołomice
81%
Ekstraklasa Widzew Łódź
81%
I liga Polonia Warszawa
79%
I liga Ruch Chorzów
78%
I liga Wisła Płock
78%
I liga Warta Poznań
77%
I liga Łks Łódź
75%
I liga Stal Rzeszów
75%
I liga Górnik Łęczna
74%
I liga Kotwica Kołobrzeg
70%
I liga Miedź Legnica
69%
I liga Odra Opole
69%
I liga Pogoń Siedlce
69%
II liga Zagłębie Sosnowiec
68%
I liga Bruk-Bet Termalica Nieciecza
67%
II liga Resovia
67%
II liga Polonia Bytom
65%
I liga GKS Tychy
64%
I liga Stal Stalowa Wola
64%
I liga Znicz Pruszków
64%
II liga Wieczysta Kraków
62%
I liga Chrobry Głogów
61%
II liga Hutnik Kraków
58%
II liga Podbeskidzie Bielsko-Biała
56%
II liga Pogoń Grodzisk Mazowiecki
56%
III liga (gr.2) Zawisza Bydgoszcz
56%
III liga (gr.1) Legia II Warszawa
53%
III liga (gr.2) Elana Toruń
52%
III liga (gr.4) Sandecja Nowy Sącz
52%
III liga (gr.1) Stomil Olsztyn
52%
III liga (gr.2) Lech II Poznań
50%
II liga Olimpia Elbląg
50%
II liga KKS Kalisz
48%
III liga (gr.1) GKS Bełchatów
47%
II liga GKS Jastrzębie
46%
II liga Olimpia Grudziądz
46%
III liga (gr.3) Lechia Zielona Góra
45%
II liga ŁKS II Łódź
45%
II liga Chojniczanka Chojnice
44%
III liga (gr.1) Jagiellonia II Białystok
44%
II liga Zagłębie II Lubin
44%
II liga Skra Częstochowa
43%
II liga Rekord Bielsko-Biała
42%
III liga (gr.3) Ślask II Wrocław
42%
III liga (gr.1) Wigry Suwałki
41%
II liga Wisła Puławy
40%
III liga (gr.4) KSZO Ostrowiec Świętokrzyski
38%
III liga (gr.1) ŁKS Łomża
38%
III liga (gr.4) Wisła II Kraków
37%
III liga (gr.1) Unia Skierniewice
36%
III liga (gr.4) Garbarnia Kraków
35%
III liga (gr.4) Avia Świdnik
34%
III liga (gr.2) Pogoń II Szczecin
34%
III liga (gr.3) Stilon Gorzów Wielkopolski
34%
III liga (gr.3) Górnik II Zabrze
32%
III liga (gr.4) Siarka Tarnobrzeg
32%
III liga (gr.2) Gryf Słupsk
31%
III liga (gr.1) Lechia Tomaszów Mazowiecki
31%
II liga Świt Skolwin
31%
III liga (gr.2) Błękitni Stargard
30%
III liga (gr.3) Górnik Polkowice
30%
III liga (gr.4) Wisłoka Dębica
30%
III liga (gr.4) Podhale Nowy Targ
29%
III liga (gr.3) Warta Gorzów Wielkopolski
29%
III liga (gr.1) Wisła II Płock
28%
III liga (gr.4) Chełmianka Chełm
27%
III liga (gr.1) GKS Wikielec
27%
III liga (gr.1) Pelikan Łowicz
27%
III liga (gr.4) Star Starachowice
27%
III liga (gr.1) Broń Radom
26%
III liga (gr.4) Korona II Kielce
26%
III liga (gr.1) Mławianka Mława
26%
III liga (gr.3) Miedź II Legnica
25%
III liga (gr.3) Ślęza Wrocław
25%
III liga (gr.2) Flota Świnoujście
23%
III liga (gr.1) Victoria Sulejówek
23%
III liga (gr.1) Warta Sieradz
23%
III liga (gr.3) Carina Gubin
22%
III liga (gr.1) Polonia Lidzbark Warmiński
22%
III liga (gr.1) Świt Nowy Dwór Mazowiecki
22%
III liga (gr.3) MKS Kluczbork
21%
III liga (gr.3) Polonia Słubice
21%
III liga (gr.3) Stal Brzeg
21%
III liga (gr.2) Sokół Kleczew
20%
III liga (gr.4) Świdniczanka Świdnik
20%
III liga (gr.4) Czarni Połaniec
19%
III liga (gr.3) Karkonosze Jelenia Góra
19%
III liga (gr.4) Podlasie Biała Podlaska
19%
III liga (gr.2) Vineta Wolin
19%
III liga (gr.2) Gedania Gdańsk
18%
III liga (gr.2) Noteć Czarnków
18%
III liga (gr.2) Unia Swarzędz
18%
III liga (gr.3) Odra Bytom Odrzański
17%
III liga (gr.1) Sokół Aleksandrów Łódzki
17%
III liga (gr.4) Wiślanie Jaśkowice
17%
III liga (gr.2) Cartusia Kartuzy
16%
III liga (gr.4) KS Wiązownica
16%
III liga (gr.4) Lewart Lubartów
16%
III liga (gr.3) Pniówek Pawłowice Śląskie
16%
III liga (gr.2) Pogoń Nowe Skalmierzyce
16%
III liga (gr.2) Wda Świecie
16%
III liga (gr.2) Wybrzeże Rewalskie Rewal
16%
III liga (gr.3) Podlesianka Katowice
15%
III liga (gr.4) Pogoń Sokół Lubaczów
15%
III liga (gr.2) Polonia Środa Wielkopolska
15%
III liga (gr.3) LKS Goczałkowice Zdrój
14%
III liga (gr.2) Kotwica Kórnik
11%
III liga (gr.3) Unia Turza Śląska
11%
Nie znaleziono quizów pasujących do podanych kryteriów
Rozkład punktacji
Procent ludzi z każdym wynikiem
Percentyl według liczby udzielonych odpowiedzi
Twoja historia wyników
Nie rozwiązałeś tego quizu od ostatniego zresetowania